<?xml version="1.0" encoding="UTF-8"?>
<record
    xmlns:xsi="http://www.w3.org/2001/XMLSchema-instance"
    xsi:schemaLocation="http://www.loc.gov/MARC21/slim http://www.loc.gov/standards/marcxml/schema/MARC21slim.xsd"
    xmlns="http://www.loc.gov/MARC21/slim">

  <leader>01194nas a2200193 i 4500</leader>
  <controlfield tag="001">768714001</controlfield>
  <controlfield tag="003">CO-MdFUSB</controlfield>
  <controlfield tag="005">20220929172535.0</controlfield>
  <controlfield tag="008">220929s2013    ck ||||| |||| 00| 0 spa d</controlfield>
  <datafield tag="040" ind1=" " ind2=" ">
    <subfield code="b">spa</subfield>
    <subfield code="c">CO-MdFUSB</subfield>
    <subfield code="d">CO-MdFUSB</subfield>
  </datafield>
  <datafield tag="041" ind1=" " ind2=" ">
    <subfield code="a">spa</subfield>
  </datafield>
  <datafield tag="100" ind1=" " ind2=" ">
    <subfield code="a">Rosas Zambrano, Irma Alejandra, </subfield>
    <subfield code="e">autor</subfield>
  </datafield>
  <datafield tag="245" ind1=" " ind2=" ">
    <subfield code="a">Vida cristiana desde la carta a los G&#xE1;latas</subfield>
    <subfield code="c">/ Irma Alejandra Rosas Zambrano</subfield>
  </datafield>
  <datafield tag="300" ind1=" " ind2=" ">
    <subfield code="a">N&#xFA;m 11 (2013), P&#xE1;ginas 79-92</subfield>
    <subfield code="c">; 24 cm</subfield>
  </datafield>
  <datafield tag="520" ind1=" " ind2=" ">
    <subfield code="a">La comunidad de los g&#xE1;latas a la que se dirige San Pablo recoge la dinamica de las primeras comunidades cristianas y expresa algunas realidades a las que se ve&#xED;an enfrentados quienes acog&#xED;an para s&#xED; la vida Jesucristo. Agunos temas, como la conversi&#xF3;n, la justificaci&#xF3;n, el mandamiento del amor y la vivencia del Reino de Dios, centran la atenci&#xF3;n del Ap&#xF3;stol y de la comunidad de los g&#xE1;latas. Adem&#xE1;s, esta carta ha sido objeto de discusi&#xF3;n en cuanto a la justificaci&#xF3;n por parte de los cristianos cat&#xF3;licos y la Reforma luterana.</subfield>
  </datafield>
  <datafield tag="650" ind1=" " ind2="0">
    <subfield code="9">19</subfield>
    <subfield code="a">Vida cristiana</subfield>
  </datafield>
  <datafield tag="773" ind1="0" ind2=" ">
    <subfield code="0">68226</subfield>
    <subfield code="9">81332</subfield>
    <subfield code="a">Pontificia Universidad Javeriana</subfield>
    <subfield code="o">R2118</subfield>
    <subfield code="t">Reflexiones teol&#xF3;gicas :</subfield>
    <subfield code="w">(CO-MdFUSB)768714001</subfield>
    <subfield code="x">2011-1991</subfield>
  </datafield>
  <datafield tag="942" ind1=" " ind2=" ">
    <subfield code="c">ANA</subfield>
  </datafield>
  <datafield tag="999" ind1=" " ind2=" ">
    <subfield code="c">68231</subfield>
    <subfield code="d">68231</subfield>
  </datafield>
</record>
